000
003230000a22001450004500
003
MACL
040
_a
MACL
090
_c
41449
_d
41447
100
_a
Prasoon, Prof Shrikant
245
_a
Knowing Buddha
_b
Life and Teachings
260
_b
Pustak Mahal
_c
2007
350
_a
96
650
_a
Religion
942
_c
BOOK
_k
294.3/MAH
999
_c
41008
_d
41008